| 000 | 00973nam a22002417a 4500 | ||
|---|---|---|---|
| 005 | 20240530110529.0 | ||
| 008 | 160315s2013 ua k g b 000 0 ara d | ||
| 017 |
_a2009/17844 _bمصر . دار الكتب المصرية |
||
| 020 | _a9770525839 | ||
| 040 | _aEG-CaGPL | ||
| 082 | 0 | 4 |
_221 _a302\ _bم ع |
| 100 | 0 | _aمحمود السيد ابو النيل | |
| 245 | 1 | 0 |
_aعلم النفس الاجتماعى : _bعربيا و عالميا / _cاعداد محمود السيد ابو النيل |
| 260 |
_aالقاهرة : _bمكتبة الانجلو المصرية ، _c2013 . |
||
| 300 |
_a527 ص : _bايض ؛ _c24 سم . |
||
| 504 | _aيشتمل على ارجاعات ببليوجرافية | ||
| 650 | 0 | 4 | _aعلم النفس الاجتماعى |
| 650 | 0 | 4 | _aالارشاد الاجتماعى |
| 650 | 0 | 4 | _aالحركات الاجتماعية |
| 650 | 0 | 4 | _aالتكيف الاجتماعى |
| 942 |
_2ddc _cBK |
||
| 999 |
_c62060 _d62060 |
||